00648nam a22002177a 450000500170000001000130001702000190003003500130004903700160006204000120007808200170009010000160010724500770012326000480020027000470024830000250029550000510032065000090037165000300038070000200041020170124105928.0 aB-019025 c00a8176292524 aB-019025 bCen Lib/Ret aDPLbEN a340.070bMEH aMehta, P.L. aLegal education and profession in india /cby P.L. Mehta, Shushma Gupta  aDeep & Deep Publications bNew Delhi c2000 bNew Delhi aF-159, rajouri garden e110027 axiv, 338p.c20cm(Hb) aIncludes bibliographical references and index  aLaw  aLegal professionszIndia  aGupta, Shushma